Big ideas teks rujukan bahasa malaysia : tingkatan 2

Bibliographic Details
Main Author: Mohd Januri Aiyub
Format: Book
Published: Selangor : Oxford fajar publishing , 2015
Subjects:

MARC

LEADER 00000cam a2200000 7i4500
001 0000046596
005 20150401.0
008 150401
020 |a 9789834713973 
090 0 0 |a 499.2380076   |b MOH 
100 1 |a Mohd Januri Aiyub 
245 1 0 |a Big ideas teks rujukan bahasa malaysia :   |b tingkatan 2   |c Mohd Januri Aiyub 
260 |a Selangor :   |b Oxford fajar publishing ,   |c 2015 
650 0 |a Bahasa malaysia. 
650 0 |a Rujukan. 
999 |a 0001340054   |b Book   |c Teenagers   |e Perbadanan Perpustakaan Awam Johor 
999 |a 0001340055   |b Book   |c Teenagers   |e Perbadanan Perpustakaan Awam Johor 
999 |a 0001340056   |b Book   |c Teenagers   |e Cawangan Urban Transformation Centre 
999 |a 0001341725   |b Book   |c Teenagers   |e Cawangan Batu Pahat 
999 |a 0001341726   |b Book   |c Teenagers   |e Cawangan Tangkak 
999 |a 0001341727   |b Book   |c Teenagers   |e Cawangan Bukit Gambir 
999 |a 0001341728   |b Book   |c Teenagers   |e Cawangan Pontian 
999 |a 0001341729   |b Book   |c Teenagers   |e Cawangan Taman Sri Lambak 
999 |a 0001341730   |b Book   |c Teenagers   |e Cawangan Bandar Tenggara 
999 |a 0001341731   |b Book   |c Teenagers   |e Cawangan Segamat 
999 |a 0001341732   |b Book   |c Teenagers   |e Cawangan Sri Merlong 
999 |a 0001341733   |b Book   |c Teenagers   |e Cawangan Mersing 
999 |a 0001341734   |b Book   |c Teenagers   |e Cawangan Muar 
999 |a 0001341735   |b Book   |c Teenagers   |e Cawangan Bandar Penawar 
999 |a 0001341736   |b Book   |c Teenagers   |e Cawangan Tmn. Ungku Tun Aminah